Normal view
MARC view
Entry Personal Name
001 - CONTROL NUMBER
- control field: 62073
003 - CONTROL NUMBER IDENTIFIER
- control field: dpl
005 - DATE AND TIME OF LATEST TRANSACTION
- control field: 20240214163941.0
008 - FIXED-LENGTH DATA ELEMENTS
- fixed length control field: 240214|| aca||aabn | a|a d
040 ## - CATALOGING SOURCE
- Original cataloging agency: dpl
- Transcribing agency: dpl
100 ## - HEADING--PERSONAL NAME
- Personal name: Sadiku , Matthew N O
670 ## - SOURCE DATA FOUND
- Source citation: Work cat.: (dpl)200739: Alexander, Charles K 62072, Fundamentals of Electric Circuits/, 2019
